Advanced accounts (Record no. 3791)

000 -LEADER
fixed length control field 00583nam a22002291 4500
001 - CONTROL NUMBER
control field 3791
003 - CONTROL NUMBER IDENTIFIER
control field BD-DhUET
008 - FIXED-LENGTH DATA ELEMENTS--GENERAL INFORMATION
fixed length control field 740123s1966 ii k 000 0 eng
020 ## - INTERNATIONAL STANDARD BOOK NUMBER
International Standard Book Number 8121902789
040 ## - CATALOGING SOURCE
Original cataloging agency DLC
Transcribing agency DLC
Modifying agency BD-DhUET
082 00 - DEWEY DECIMAL CLASSIFICATION NUMBER
Classification number 657
Item number SHU/1999
100 1# - MAIN ENTRY--PERSONAL NAME
Personal name Shukla, M. C.
245 10 - TITLE STATEMENT
Title Advanced accounts
Statement of responsibility, etc. by M. C. Shukla and T. S. Grewal
250 ## - EDITION STATEMENT
Edition statement 14th ed.
260 ## - PUBLICATION, DISTRIBUTION, ETC. (IMPRINT)
Place of publication, distribution, etc. New Delhi
Name of publisher, distributor, etc. S, chand
Date of publication, distribution, etc. 1999
300 ## - PHYSICAL DESCRIPTION
Extent v.p.
Other physical details ill.
Dimensions 25 cm.
504 ## - BIBLIOGRAPHY, ETC. NOTE
Bibliography, etc Includes bibliographies
650 #0 - SUBJECT ADDED ENTRY--TOPICAL TERM
Topical term or geographic name as entry element Accounting
700 ## - ADDED ENTRY--PERSONAL NAME
Personal name Grewal, T. S.
700 ## - ADDED ENTRY--PERSONAL NAME
Personal name Gupta, S. C.
942 ## - ADDED ENTRY ELEMENTS (KOHA)
Koha item type General Book
Holdings
Source of classification or shelving scheme Lost status Copy number Location (home branch) Price effective from Not for loan Sublocation or collection (holding branch) Date acquired Koha normalized classification for sorting Damaged status Koha item type Koha full call number Shelving location Withdrawn status Koha date last seen Piece designation (barcode)
  1Central Library, BUET2014-11-05 Central Library, BUET2014-11-05657SHU1999 General Book657/SHU/1999Circulation section 2014-11-0593656
  2Central Library, BUET2014-11-05 Central Library, BUET2014-11-05657SHU1999 General Book657/SHU/1999Circulation section 2014-11-0593657
  3Central Library, BUET2014-11-05 Central Library, BUET2014-11-05657SHU1999 General Book657/SHU/1999Circulation section 2014-11-0593658
  4Central Library, BUET2014-11-05 Central Library, BUET2014-11-05657SHU1999 General Book657/SHU/1999Circulation section 2014-11-0593659
  5Central Library, BUET2014-11-05 Central Library, BUET2014-11-05657SHU1999 General Book657/SHU/1999Circulation section 2014-11-0593660
  6Central Library, BUET2014-11-05 Central Library, BUET2014-11-05657_000000000000000_SHU_1999 General Book657/SHU/1999Circulation section 2014-11-0593661
  7Central Library, BUET2014-11-05 Central Library, BUET2014-11-05657SHU1999 General Book657/SHU/1999Circulation section 2014-11-0593662
  8Central Library, BUET2014-11-05 Central Library, BUET2014-11-05657_000000000000000_SHU_1999 General Book657/SHU/1999Circulation section 2014-11-0593655
  9Central Library, BUET2015-06-20 Central Library, BUET2015-06-20657_000000000000000_SHU_1999 Reading Item657/SHU/1999Reading section 2015-06-2093654
  10Central Library, BUET2015-06-20 Central Library, BUET2015-06-20657_000000000000000_SHU_1999 Reading Item657/SHU/1999Reading section 2015-06-2093653